Statistics for Footballers by Career - Newcastle United

Click here to take the quiz!

General Stats

  • This quiz has been taken 39 times
  • The average score is 6 of 10

Answer Stats

Player% Correct
Craig Bellamy
82%
Shay Given
70%
Tim Krul
70%
Fabricio Coloccini
67%
Moussa Sissoko
64%
Cheick Tioté
48%
Jermaine Jenas
48%
Kieron Dyer
42%
Aaron Hughes
36%
Rob Lee
33%

Score Distribution

Percentile by Number Answered

Percent of People with Each Score

Your Score History

You have not taken this quiz